| 000 | 00581nam a22002057a 4500 | ||
|---|---|---|---|
| 005 | 20220715163427.0 | ||
| 008 | 220715b ||||| |||| 00| 0 eng d | ||
| 020 | _a8172232926 | ||
| 040 | _cAL | ||
| 041 | _aEnglish | ||
| 082 |
_223 _a393.9 _bNARS |
||
| 100 |
_aSakuntala Narasimhan _950167 |
||
| 245 | _aSati:A study of widow burning in India | ||
| 260 |
_aNew Delhi _bHarper Collins Publishers _c1998 |
||
| 300 |
_a325 p. _bPB _c20x13 cm. |
||
| 650 |
_aCrime and Punishment _950168 |
||
| 650 |
_aWidow _950169 |
||
| 700 |
_aNARASIMHAN (Sakuntala) _950170 |
||
| 942 |
_2ddc _cGF |
||
| 999 |
_c223852 _d223852 |
||